Statistiques concernant Pokémon- Spécialistes du Type Spectre

Cliquez ici pour prendre le quiz!

Statistiques générales

  • Ce quiz a été pris 41 fois
    (11 depuis la dernière actualisation)
  • Le résultat moyen est 38 sur 55

Statistiques - réponses

NombrePokémon% Correct
1Banshitrouye
100%
12Branette
100%
1Brocélôme
100%
1Corayôme
100%
3Desséliande
100%
17Ectoplasma
100%
43Fantominus
100%
8Feuforêve
100%
2Funécire
100%
4Golemastoc
100%
2Gringolem
100%
4Lugulabre
100%
7Magirêve
100%
1Mélancolux
100%
2Mimiqui
100%
7Noctunoir
100%
5Pitrouille
100%
4Polichombr
100%
7Skelénox
100%
39Spectrum
100%
2Spiritomb
100%
10Ténéfix
100%
5Téraclope
100%
6Baudrive
83%
1Corayon de Galar
83%
11Grodrive
83%
1Motisma
83%
3Moyade
83%
2Polthégeist
83%
4Tutafeh
83%
1Tutafeh de Galar
83%
3Tutankafer
83%
1Tutétékri
83%
1Munja
67%
1Tomberro
67%
1Toutombe
67%
5Momartik
50%
1Sinistrail
50%
1Trépassable
50%
1Arbok
33%
1Nosferalto
33%
1Nostenfer
33%
1Ossatueur d'Alola
33%
1Salarsen forme Grave
33%
2Charmina
17%
2Colhomard
17%
1Dracolosse
17%
6Éoko
17%
4Groret
17%
2Kadabra
17%
3Korillon
17%
1Méditikka
17%
1Scalpereur
17%
1Smogogo
17%
2Spoink
17%

Distribution des résultats

Percentile par nombre de réponses

% des personnes avec chaque résultat

Votre développement - résultats

Vous n’avez pas pris ce quiz depuis la dernière actualisation